[Event "EU-chT U12"]
[Site "Thessaloniki"]
[Date "2022.07.17"]
[Round "6.2"]
[White "Karakotsios, Loukas Georgios"]
[Black "Sardis, Ioannis"]
[Result "1/2-1/2"]
[WhiteElo "1257"]
[BlackElo "1106"]
[PlyCount "132"]
[EventDate "2022.07.12"]
[EventType "team-swiss"]
[EventRounds "7"]
[EventCountry "GRE"]
[SourceTitle "EXT 2023"]
[Source "ChessBase"]
[SourceDate "2022.10.05"]
[SourceVersion "1"]
[SourceVersionDate "2022.10.05"]
[SourceQuality "1"]
[WhiteTeam "Greece Triandria U12"]
[BlackTeam "Greece Triandria U12"]
[WhiteTeamCountry "GRE"]
[BlackTeamCountry "GRE"]

1. d4 d5 2. c4 e6 3. Nc3 c5 4. Nf3 cxd4 5. Nxd4 e5 6. Nf3 d4 7. Nd5 Nc6 8. e3 dxe3 9. Bxe3 Be6 10. Be2 Qd7 11. 0-0 0-0-0 12. Bxa7 Bxd5 13. cxd5 Nxa7 14. Nxe5 Qe8 15. Bg4+ Kb8 16. Qd4 Nf6 17. Bf3 Bd6 18. Nc4 Nc6 19. Qc3 Ne5 20. Rfe1 Nxf3+ 21. Qxf3 Qd7 22. Rac1 Rhe8 23. Red1 h5 24. h3 Qe7 25. Qc3 Bb4 26. Qb3 Rxd5 27. Rxd5 Nxd5 28. Qg3+ Ka7 29. Qxg7 Bc5 30. Qg3 h4 31. Qf3 Kb8 32. Qxd5 Ba7 33. Qd6+ Qxd6 34. Nxd6 Rd8 35. Nxf7 Rf8 36. Ne5 Bxf2+ 37. Kh1 Be3 38. Nd7+ Ka7 39. Nxf8 Bxc1 40. b3 Ka6 41. Ng6 Bg5 42. Ne5 Kb5 43. a3 b6 44. Kg1 Bf6 45. Nc4 Kc5 46. Kf2 b5 47. Na5 Kd4 48. Nb7 Be7 49. a4 bxa4 50. bxa4 Kc4 51. Na5+ Kc5 52. Kf3 Kb6 53. Nb3 Kc6 54. g4 hxg3 55. Kxg3 Kd5 56. h4 Kc4 57. Na5+ Kc5 58. h5 Bf6 59. h6 Kb4 60. Nb7 Kxa4 61. Nc5+ Kb5 62. Ne6 Kc6 63. Kg4 Kd6 64. Kf5 Ke7 65. Nd8 Bh8 66. Kg6 Kxd8 1/2-1/2